| 000 | 01368cam a22003254a 4500 | ||
|---|---|---|---|
| 999 |
_c128302 _d128302 |
||
| 001 | 13381004 | ||
| 003 | ARRUPE | ||
| 005 | 20181003101411.0 | ||
| 008 | 031022s2004 miu b 001 0 eng | ||
| 010 | _a 2003064206 | ||
| 020 | _a0802839894 (pbk. : alk. paper) | ||
| 040 |
_aDLC _cDLC _dDLC |
||
| 042 | _apcc | ||
| 050 | 0 | 0 |
_aBS2675.6.M3 _bD46 2004 |
| 082 | 0 | 0 |
_a227/.206 _222 |
| 100 | 1 |
_aDeming, Will, _d1956- _942722 |
|
| 245 | 1 | 0 |
_aPaul on marriage and celibacy : _bthe hellenistic background of 1 Corinthians 7 / _cWill Deming. |
| 246 | 1 | 8 | _aPaul on marriage & celibacy |
| 250 | _a2nd ed. | ||
| 260 |
_aGrand Rapids, Mich. : _bWilliam B. Eerdmans Pub., _cc2004. |
||
| 300 |
_axxii, 271 p. ; _c24 cm. |
||
| 504 | _aIncludes bibliographical references (p. [238]-263) and indexes. | ||
| 630 | 0 | 0 |
_aBible. _pCorinthians, 1st, VII _xCriticism, interpretation, etc. _942723 |
| 650 | 0 |
_aMarriage _xBiblical teaching. _942724 |
|
| 650 | 0 |
_aCelibacy _xBiblical teaching. _942725 |
|
| 650 | 0 |
_aCynics (Greek philosophy) _942726 |
|
| 650 | 0 |
_aStoics. _91899 |
|
| 906 |
_a7 _bcbc _corignew _d1 _eocip _f20 _gy-gencatlg |
||
| 942 |
_2lcc _cMONOGRAPH |
||